| 000 | 00355nam a2200133Ia 4500 | ||
|---|---|---|---|
| 008 | 150202s9999 xx 000 0 und d | ||
| 020 | _a689828624 | ||
| 050 |
_aFIC _bFIC |
||
| 100 | _aHowe, James. | ||
| 245 | 4 |
_aThe color absence / _cJames Howe. |
|
| 260 |
_aNew York : _bAntheneum Books, _c2001. |
||
| 300 |
_a238 pages : _c18 cm. |
||
| 650 | _aFiction. | ||
| 999 |
_c281931 _d281931 |
||